Benefits of Management Systems Integration
Výhody, ale aj riziká vybraných manažérskych systémov. Výskum v oblastiach vplyvu integrácie manažérskych systémov - dôvody integrácie, benefity, ich ranking a bariéry integrácie.
Saved in:
| Main Author: | |
|---|---|
| Other Authors: | |
| Format: | Book Chapter |
| Language: | English |
| Subjects: | |
| Tags: |
No Tags, Be the first to tag this record!
|
MARC
| LEADER | 00000naa$a2200000$$$4500 | ||
|---|---|---|---|
| 001 | 0192646 | ||
| 005 | 20240502083447.0 | ||
| 041 | 0 | |a eng | |
| 044 | |a PL | ||
| 245 | 1 | 0 | |a Benefits of Management Systems Integration |c Marta Karkalíková, Alica Lacková |
| 520 | |a Výhody, ale aj riziká vybraných manažérskych systémov. Výskum v oblastiach vplyvu integrácie manažérskych systémov - dôvody integrácie, benefity, ich ranking a bariéry integrácie. | ||
| 610 | 2 | 0 | |a systémy integrované manažérske |
| 610 | 2 | 0 | |a benefity |
| 610 | 2 | 0 | |a riziko |
| 610 | 2 | 0 | |a výskum ekonomický |
| 610 | 2 | 0 | |a výskum psychologický |
| 610 | 2 | 0 | |a integrácia |
| 100 | 1 | |a Karkalíková, Marta | |
| 700 | 1 | |a Lacková, Alica | |